Equipes types de Ligue (2015-2025) - Statistiques

Statistiques générales
  • Ce quiz a été pris 331 fois
  • Le résultat moyen est 78 sur 110
Statistiques - réponses
ANNÉE CLUB POSTE JOUEURS % Correct
PARIS SG DC Marquinhos
99%
PARIS SG DC Marquinhos
99%
PARIS SG DC Marquinhos
99%
PARIS SG DC Marquinhos
99%
PARIS SG DC Marquinhos
99%
PARIS SG DC Marquinhos
99%
PARIS SG DC Marquinhos
99%
AS MONACO AG Kylian Mbappé
96%
PARIS SG AD Kylian Mbappé
96%
PARIS SG BU Kylian Mbappé
96%
PARIS SG BU Kylian Mbappé
96%
PARIS SG BU Kylian Mbappé
96%
PARIS SG AG Kylian Mbappé
96%
PARIS SG AG Kylian Mbappé
96%
PARIS SG AG Kylian Mbappé
96%
2015/16 OM G Steve Mandanda
93%
2017/18 OM G Steve Mandanda
93%
2019/20 OM G Steve Mandanda
93%
PARIS SG DD Achraf Hakimi
91%
PARIS SG DD Achraf Hakimi
91%
PARIS SG DD Achraf Hakimi
91%
PARIS SG AG Neymar
91%
PARIS SG AG Neymar
91%
PARIS SG AG Neymar
91%
PARIS SG AG Neymar
91%
PARIS SG DC Thiago Silva
91%
PARIS SG DC Thiago Silva
91%
PARIS SG DC Thiago Silva
91%
PARIS SG DC Thiago Silva
91%
PARIS SG DC Thiago Silva
91%
PARIS SG AD Ousmane Dembélé
90%
PARIS SG AD Ousmane Dembélé
90%
2021/22 PARIS SG G Gianluigi Donnarumma
89%
2023/24 PARIS SG G Gianluigi Donnarumma
89%
PARIS SG BU Edinson Cavani
88%
PARIS SG BU Edinson Cavani
88%
PARIS SG DG Nuno Mendes
88%
PARIS SG DG Nuno Mendes
88%
PARIS SG DG Nuno Mendes
88%
PARIS SG MC Vitinha
88%
PARIS SG MC Vitinha
88%
PARIS SG BU Zlatan Ibrahimovic
87%
AS MONACO MC Bernardo Silva
86%
PARIS SG AG Bradley Barcola
86%
LOSC BU Jonathan David
86%
PARIS SG MC Joao Neves
83%
PARIS SG DC Willian Pacho
83%
PARIS SG MC Marco Verratti
79%
PARIS SG MC Marco Verratti
79%
PARIS SG MC Marco Verratti
79%
PARIS SG MC Marco Verratti
79%
PARIS SG MC Marco Verratti
79%
PARIS SG AD Angel Di Maria
77%
PARIS SG MC Angel Di Maria
77%
PARIS SG AD Angel Di Maria
77%
2022/23 RC LENS G Brice Samba
76%
2024/25 OM G Geronimo Rulli
76%
2020/21 PARIS SG G Keylor Navas
74%
PARIS SG DG Maxwell
74%
PARIS SG AD Lionel Messi
73%
PARIS SG DC David Luiz
69%
OL AD Alexandre Lacazette
68%
PARIS SG MC Blaise Matuidi
68%
OM BU Pierre-Aymeric Aubameyang
68%
AS MONACO DG Benjamin Mendy
65%
2016/17 AS MONACO G Danijel Subasic
65%
OL DG Ferland Mendy
65%
OL DG Ferland Mendy
65%
2018/19 LOSC G Mike Maignan
65%
RC LENS MC Seko Fofana
65%
RC LENS MC Seko Fofana
65%
AS MONACO DD Djibril Sidibé
64%
PARIS SG DC Presnel Kimpembe
63%
AS MONACO BU Wissam Ben Yedder
63%
AS MONACO BU Wissam Ben Yedder
63%
OL MC Nabil Fekir
61%
RC LENS DD Jonathan Clauss
58%
RC LENS DD Jonathan Clauss
58%
RC STRASBOURG DD Kenny Lala
57%
RC LENS BU Lois Openda
57%
PARIS SG DD Dani Alves
56%
OM MC Dimitri Payet
55%
AS MONACO DC Kamil Glik
55%
BREST MC Pierre Lees-Melou
54%
PARIS SG MC Warren Zaire-Emery
53%
LOSC AD Nicolas Pépé
52%
PARIS SG DD Serge Aurier
52%
PARIS SG DG Juan Bernat
50%
OGC NICE AG Hatem Ben Arfa
49%
RC LENS DC Kévin Danso
49%
LOSC MC Benjamin André
47%
OM MC Valentin Rongier
46%
RC STRASBOURG MC Andrey Santos
45%
OM DC Chancel Mbemba
43%
RENNES MC Eduardo Camavinga
43%
OL AD Memphis Depay
43%
AS MONACO MC Aurélien Tchouaméni
42%
AS MONACO MC Aurélien Tchouaméni
42%
LOSC DC Lenny Yoro
41%
OM DC William Saliba
40%
OM MC Lassana Diarra
39%
RENNES AD Martin Terrier
38%
OL MC Tangy Ndombélé
36%
OM MC Luiz Gustavo
35%
BREST DG Bardley Locko
32%
OL DD Léo Dubois
32%
OGC NICE MC Jean-Michael Seri
31%
OL MC Lucas Paqueta
30%
OGC NICE MC Képhren Thuram
29%
LOSC DG Reinildo
14%
Aucun quiz correspondant
Distribution des résultats
% des personnes avec chaque résultat
Percentile par nombre de réponses
Votre historique - résultats
Vous n’avez pas pris ce quiz